000
00305nam a22001337a 4500
008
170419b xxu||||| |||| 00| 0 eng d
020
_a
9780805346428
041
_a
eng
080
_2
5 ED
_a
573
100
_a
1
101
_a
SHM
245
_a
MOLECULAR BIOLOGY OF THE GENE
_c
BAKER.W
942
_2
udc
_c
BK
999
_c
11245
_d
11245